000 00490nam a2200205Ia 4500
005 20250923145254.0
008 008 250917s9999 xx 000 0 eng d
037 _aPeriodicals
040 _aDSWL
_beng
_cDSWL
041 _aeng
_2eng
084 _qDSWL
245 0 _aIndian Journal of Indutrial Relations
260 _b5, Pusa Road,New Delhi-5
_c1973
300 _a659p.
365 _aUSD
_b40
490 _vVol.8
925 _g40
942 _cCR
999 _c1449281
_d1449281